000 00708nam a2200241Ia 4500
003 OSt
005 20220925220443.0
006 a|||||r|||| 00| 0
007 ta
008 220923b |||||||| |||| 00| 0 eng d
037 _cGeneral Book
040 _aRTL
_cRTL
_beng
041 _2eng
_aeng
082 _aX.1.N7, L8
100 _aBatra Raveendra N.
_9284819
245 0 _aDownfall of capitalism and communism
_b A new study of history
260 _aLondon
_bMacmillan
_c1978
300 _aix,283p
_ccm.
500 _aBibliography chapterwise
650 _aEconomic Condition International
942 _hX.1.N7, L8
_cGB
_2CC
999 _c571521
_d571521